[Event "Prostejov op"]
[Site "Prostejov"]
[Date "2023.12.29"]
[Round "3"]
[White "Kapusta, Petr"]
[Black "Zavurka, Roman"]
[Result "1-0"]
[WhiteElo "2067"]
[BlackElo "2140"]
[PlyCount "101"]
[EventDate "2023.12.28"]
[EventType "swiss"]
[EventRounds "7"]
[EventCountry "CZE"]
[SourceTitle "CB02_2024"]
[SourceDate "2024.01.10"]
[SourceVersion "1"]
[SourceVersionDate "2024.01.10"]
[SourceQuality "1"]

1. e4 c6 2. d4 d5 3. Nc3 g6 4. f4 Bg7 5. Nf3 Bg4 6. e5 Nh6 7. Be3 Qb6 8. Rb1 Nf5 9. Bf2 e6 10. Be2 Bxf3 11. Bxf3 h5 12. 0-0 Nd7 13. b4 Bf8 14. Na4 Qc7 15. Qd2 Nb6 16. Nb2 Be7 17. a4 a5 18. bxa5 Nd7 19. Nd3 Rxa5 20. Rxb7 Qxb7 21. Qxa5 0-0 22. Ra1 Ra8 23. Qc3 Nb6 24. Qb3 Qa7 25. c3 Nc4 26. Nb4 Qc7 27. Be2 Nd2 28. Qc2 Ne4 29. Bd3 c5 30. Bxe4 dxe4 31. Qxe4 Rc8 32. Na6 Qb6 33. Nxc5 Bxc5 34. dxc5 Qb2 35. Qe1 h4 36. a5 h3 37. gxh3 Qb7 38. a6 Qf3 39. a7 Ra8 40. c6 Qxc6 41. Rb1 Kg7 42. Qf1 Qxc3 43. Qg2 Qc2 44. Rf1 Qc8 45. Rb1 Qh8 46. Qxa8 Qxa8 47. Rb8 Qf3 48. a8Q Qd1+ 49. Kg2 Ne3+ 50. Bxe3 Qe2+ 51. Bf2 1-0

[Event "Bohumin op-A 6th"]
[Site "Bohumin"]
[Date "2023.07.05"]
[Round "5"]
[White "Tillmann, Stanislav"]
[Black "Kapusta, Petr"]
[Result "0-1"]
[WhiteElo "1951"]
[BlackElo "2132"]
[PlyCount "120"]
[EventDate "2023.07.01"]
[EventType "swiss"]
[EventRounds "9"]
[EventCountry "CZE"]
[SourceTitle "CBM 215 Extra"]
[Source "ChessBase"]
[SourceDate "2023.09.30"]
[SourceVersion "1"]
[SourceVersionDate "2023.09.30"]
[SourceQuality "1"]

1. b3 d5 2. Bb2 Bg4 3. Nf3 Bxf3 4. exf3 e6 5. g3 Nf6 6. Bg2 g6 7. 0-0 Bg7 8. d3 0-0 9. Nd2 c5 10. c4 Nc6 11. f4 Ne8 12. Bxg7 Nxg7 13. Nf3 Nf5 14. Rc1 b6 15. Qd2 Nfd4 16. Kh1 Nxf3 17. Bxf3 Nd4 18. Bg2 a5 19. Rfe1 dxc4 20. dxc4 Ra7 21. Rb1 Rd7 22. Qc3 Nf5 23. Re2 Rd4 24. a3 Rd3 25. Qc2 Qd4 26. Be4 Rc3 27. Qd2 Qxd2 28. Rxd2 Nd4 29. Rd3 Rxd3 30. Bxd3 Rd8 31. Kg2 f5 32. h4 Kf7 33. Kf1 Kf6 34. Ke1 h6 35. Kd2 g5 36. fxg5+ hxg5 37. hxg5+ Kxg5 38. Ke3 e5 39. f4+ Kg4 40. fxe5 Kxg3 41. Rg1+ Kh2 42. Rg6 Rh8 43. Rxb6 Rh3+ 44. Kd2 f4 45. Be4 Re3 46. Rh6+ Kg3 47. Rg6+ Kf2 48. Rg2+ Kf1 49. Bd5 Nxb3+ 50. Kc2 Nd4+ 51. Kd2 Rxe5 52. Rg4 Re2+ 53. Kd1 f3 54. Rg3 Kf2 55. Rh3 Ke3 56. a4 Rg2 57. Rh1 Rd2+ 58. Kc1 Ne2+ 59. Kb1 Nc3+ 60. Kc1 Nxd5 0-1

[Event "Valasska Bystrice op 13th"]
[Site "Valasska Bystrice"]
[Date "2022.09.11"]
[Round "3"]
[White "Kapusta, Petr"]
[Black "Malinovsky, Petr"]
[Result "0-1"]
[WhiteElo "2130"]
[BlackElo "1976"]
[PlyCount "52"]
[EventDate "2022.09.10"]
[EventType "swiss"]
[EventRounds "9"]
[EventCountry "CZE"]
[SourceTitle "CBM 210 Extra"]
[Source "ChessBase"]
[SourceDate "2022.11.30"]
[SourceVersion "1"]
[SourceVersionDate "2022.11.30"]
[SourceQuality "1"]

1. e4 c5 2. Nf3 g6 3. c3 Bg7 4. d4 cxd4 5. cxd4 d5 6. e5 Bg4 7. h3 Bxf3 8. Qxf3 e6 9. Nc3 Nh6 10. g4 Nc6 11. Bb5 0-0 12. Qd1 f6 13. Bxc6 bxc6 14. exf6 Qxf6 15. Be3 Nf7 16. 0-0 c5 17. Ne2 cxd4 18. Bxd4 e5 19. Be3 d4 20. Bd2 e4 21. Rc1 Ne5 22. Nxd4 Rad8 23. Qb3+ Kh8 24. g5 Qa6 25. Ne6 Nf3+ 26. Kg2 Nxd2 0-1

[Event "CZE-chT1E 2122"]
[Site "Czech Republic"]
[Date "2022.02.20"]
[Round "9.7"]
[White "Kovarik, Matyas"]
[Black "Kapusta, Petr"]
[Result "1-0"]
[WhiteElo "1956"]
[BlackElo "2115"]
[PlyCount "95"]
[EventDate "2021.10.09"]
[EventType "team-tourn"]
[EventRounds "11"]
[EventCountry "CZE"]
[SourceTitle "EXT 2023"]
[Source "ChessBase"]
[SourceDate "2022.10.05"]
[SourceVersion "1"]
[SourceVersionDate "2022.10.05"]
[SourceQuality "1"]
[WhiteTeam "Vsetin"]
[BlackTeam "Vlcnov"]
[WhiteTeamCountry "CZE"]
[BlackTeamCountry "CZE"]

1. e4 c5 2. Nf3 d6 3. d4 cxd4 4. Nxd4 Nf6 5. Nc3 a6 6. Be2 e5 7. Nb3 Be7 8. 0-0 0-0 9. Be3 Be6 10. Qd2 Nbd7 11. a4 Rc8 12. a5 Qc7 13. Rfc1 Qc6 14. Bf3 Bc4 15. Ra4 Rfe8 16. Rb4 Qc7 17. Nd5 Nxd5 18. exd5 f5 19. Bb6 Nxb6 20. Rxb6 h6 21. Qb4 Bxb3 22. Qxb3 Bg5 23. Rxb7 Qxa5 24. Rd1 Qc5 25. Bh5 Rf8 26. c3 e4 27. Qb6 Qxb6 28. Rxb6 Rb8 29. Rxd6 Rxb2 30. Rxa6 f4 31. Re6 e3 32. Rf1 Bd8 33. fxe3 Bb6 34. Kh1 Bxe3 35. d6 Rc2 36. d7 Rd2 37. Rd1 f3 38. Rxd2 Bxd2 39. gxf3 Bxc3 40. Re8 Bf6 41. Bg6 Bg5 42. Kg2 Bh4 43. Kf1 Bf6 44. Ke2 h5 45. Kd3 h4 46. Ke4 h3 47. Kd5 Bg5 48. Ke6 1-0

[Event "CZE-chT1E 2122"]
[Site "Czech Republic"]
[Date "2021.12.12"]
[Round "5.2"]
[White "Delgerdalai, Bayarjavkhlan"]
[Black "Kapusta, Petr"]
[Result "1-0"]
[WhiteElo "2086"]
[BlackElo "2115"]
[PlyCount "131"]
[EventDate "2021.10.09"]
[EventType "team-tourn"]
[EventRounds "11"]
[EventCountry "CZE"]
[SourceTitle "EXT 2023"]
[Source "ChessBase"]
[SourceDate "2022.10.05"]
[SourceVersion "1"]
[SourceVersionDate "2022.10.05"]
[SourceQuality "1"]
[WhiteTeam "Stare Mesto"]
[BlackTeam "Vlcnov"]
[WhiteTeamCountry "CZE"]
[BlackTeamCountry "CZE"]

1. e4 c5 2. Nf3 d6 3. d4 cxd4 4. Nxd4 Nf6 5. Nc3 a6 6. Be3 e5 7. Nb3 Be7 8. Be2 Be6 9. g4 h6 10. Rg1 Nc6 11. Qd2 Rc8 12. 0-0-0 Nb4 13. Kb1 d5 14. exd5 Nfxd5 15. Nxd5 Qxd5 16. Qxd5 Nxd5 17. Bc1 0-0 18. Bf3 Rfd8 19. Rge1 Bf6 20. Rd3 Nb4 21. Rxd8+ Bxd8 22. c3 Nxa2 23. Kxa2 a5 24. Rxe5 a4 25. Kb1 axb3 26. Be3 Bc7 27. Rb5 Bxh2 28. Rxb7 Rd8 29. Rb4 Be5 30. Bd4 Bd6 31. Rb7 Bc4 32. Bd1 Bd5 33. Rb5 Bc6 34. Rb6 Be4+ 35. Kc1 Bf4+ 36. Be3 Bxe3+ 37. fxe3 Rd3 38. Bxb3 Rxe3 39. Rb8+ Kh7 40. Bxf7 Bf3 41. Rb6 g5 42. Bg6+ Kg7 43. Bf5 Re1+ 44. Kd2 Rg1 45. Ke3 Rg3 46. Kf2 Rh3 47. c4 Ba8 48. b4 Rf3+ 49. Ke2 Rf4 50. Rg6+ Kf7 51. Rxh6 Bf3+ 52. Kd3 Bxg4 53. Bxg4 Rxg4 54. b5 Ke7 55. Kc3 Rh4 56. Rg6 g4 57. b6 Kf7 58. Rg8 Rh3+ 59. Kb4 Kxg8 60. b7 Kg7 61. b8Q Kg6 62. Qe5 Rf3 63. c5 Rf5 64. Qe4 Kg5 65. Qg2 Kf4 66. c6 1-0

[Event "Stare Mesto op"]
[Site "Stare Mesto"]
[Date "2021.08.17"]
[Round "5"]
[White "Kapusta, Petr"]
[Black "Nemec, David1111"]
[Result "1-0"]
[WhiteElo "2145"]
[BlackElo "2055"]
[PlyCount "39"]
[EventDate "2021.08.13"]
[EventType "swiss"]
[EventRounds "9"]
[EventCountry "CZE"]
[SourceTitle "CBM 203 Extra"]
[Source "ChessBase"]
[SourceDate "2021.09.30"]
[SourceVersion "1"]
[SourceVersionDate "2021.09.30"]
[SourceQuality "1"]

1. e4 c5 2. Nf3 Nc6 3. d4 cxd4 4. Nxd4 g6 5. c4 Bg7 6. Be3 Nf6 7. Nc3 Ng4 8. Qxg4 Nxd4 9. Qd1 Ne6 10. Rc1 d6 11. Be2 0-0 12. 0-0 Bd7 13. Qd2 Re8 14. Rfd1 Bc6 15. f3 a6 16. b3 Rb8 17. Nd5 b5 18. Nb4 Bd7 19. Nxa6 Rb7 20. Qd5 1-0

[Event "SVK-ch Amateurs"]
[Site "Topolcany"]
[Date "2021.08.08"]
[Round "4"]
[White "Kucera, Michal"]
[Black "Kapusta, Petr"]
[Result "0-1"]
[WhiteElo "1942"]
[BlackElo "2145"]
[PlyCount "40"]
[EventDate "2021.08.06"]
[EventType "swiss"]
[EventRounds "7"]
[EventCountry "SVK"]
[SourceTitle "EXT 2022"]
[Source "ChessBase"]
[SourceDate "2021.10.06"]
[SourceVersion "1"]
[SourceVersionDate "2021.10.06"]
[SourceQuality "1"]

1. e4 c5 2. Nf3 d6 3. d4 cxd4 4. Nxd4 Nf6 5. Nc3 a6 6. Be2 e5 7. Nb3 Be7 8. 0-0 0-0 9. f4 Nbd7 10. Qe1 b5 11. a3 Bb7 12. Bf3 Rc8 13. Be3 exf4 14. Bxf4 Ne5 15. Bxe5 dxe5 16. Qe2 Bxa3 17. Rxa3 b4 18. Ra5 bxc3 19. bxc3 Rxc3 20. Rxe5 Rxb3 0-1

[Event "SVK-ch Amateurs"]
[Site "Topolcany"]
[Date "2021.08.07"]
[Round "3"]
[White "Kapusta, Petr"]
[Black "Dzwierzynski, Bartosz"]
[Result "0-1"]
[WhiteElo "2145"]
[BlackElo "2074"]
[PlyCount "114"]
[EventDate "2021.08.06"]
[EventType "swiss"]
[EventRounds "7"]
[EventCountry "SVK"]
[SourceTitle "EXT 2022"]
[Source "ChessBase"]
[SourceDate "2021.10.06"]
[SourceVersion "1"]
[SourceVersionDate "2021.10.06"]
[SourceQuality "1"]

1. e4 c5 2. Nf3 d6 3. d4 cxd4 4. Nxd4 Nf6 5. Nc3 g6 6. f3 Bg7 7. Be3 0-0 8. Qd2 Nc6 9. 0-0-0 d5 10. Nxc6 bxc6 11. Qe1 e5 12. exd5 Nxd5 13. Nxd5 cxd5 14. Bc5 Re8 15. Bb5 Re6 16. Qd2 d4 17. Qe2 Qc7 18. Ba3 Bb7 19. Bc4 Ree8 20. Bb3 a5 21. Qc4 Qxc4 22. Bxc4 Rac8 23. b3 Red8 24. Be7 Rd7 25. Bg5 Bd5 26. Bxd5 Rxd5 27. c4 Rd7 28. a4 f5 29. Bd2 Rb7 30. Kc2 e4 31. Rb1 d3+ 32. Kc1 Bf8 33. fxe4 fxe4 34. Be3 Ba3+ 35. Kd2 Bb4+ 36. Kd1 Rf7 37. Bd2 Re8 38. Bxb4 axb4 39. Rb2 Ref8 40. Re1 Rf1 41. Rd2 Rxe1+ 42. Kxe1 Rf5 43. Rf2 Re5 44. Rf6 Kg7 45. Rd6 Kh6 46. Rd5 Re7 47. c5 Kg7 48. Rd4 Kf6 49. Rxb4 Ke5 50. c6 e3 51. Rc4 Rf7 52. c7 d2+ 53. Ke2 Rf1 54. c8Q d1Q+ 55. Kxe3 Re1+ 56. Kf2 Re2+ 57. Kg3 Re3+ 0-1

[Event "Liptovsky Jan Slovak op U2200"]
[Site "Liptovsky Jan"]
[Date "2021.06.20"]
[Round "6"]
[White "Kapusta, Petr"]
[Black "Chlpek, Daniel"]
[Result "1/2-1/2"]
[WhiteElo "2117"]
[BlackElo "2000"]
[PlyCount "162"]
[EventDate "2021.06.17"]
[EventType "swiss"]
[EventRounds "7"]
[EventCountry "SVK"]
[SourceTitle "CBM 203 Extra"]
[Source "ChessBase"]
[SourceDate "2021.09.30"]
[SourceVersion "1"]
[SourceVersionDate "2021.09.30"]
[SourceQuality "1"]

1. e4 c5 2. Nf3 Nc6 3. d4 cxd4 4. Nxd4 Nf6 5. Nc3 e6 6. a3 Be7 7. Nf3 d6 8. Bd3 0-0 9. Bg5 a6 10. Qe2 Qc7 11. 0-0 b5 12. h3 Bb7 13. Be3 Nd7 14. Nd2 Rac8 15. f4 Na5 16. Bd4 e5 17. Nd5 Bxd5 18. exd5 Nc4 19. Nf3 Rce8 20. Bxc4 bxc4 21. fxe5 dxe5 22. Bc3 Qc5+ 23. Kh1 Qxd5 24. Rad1 Qc6 25. Nxe5 Nxe5 26. Qxe5 f6 27. Qd5+ Qxd5 28. Rxd5 Rd8 29. Ra5 Rd6 30. Re1 Kf7 31. Rxe7+ Kxe7 32. Bb4 Ke6 33. Bxd6 Kxd6 34. Rxa6+ Kd5 35. Rb6 Re8 36. c3 Re7 37. Kg1 f5 38. Kf2 Ke4 39. Rd6 Rb7 40. Rd4+ Ke5 41. Rxc4 Rxb2+ 42. Kf3 g5 43. Rc5+ Kf6 44. a4 h5 45. a5 Ra2 46. Rb5 Ra3 47. Rc5 Ra4 48. g3 h4 49. gxh4 Rxh4 50. Kg3 Ra4 51. Rc6+ Ke5 52. a6 Ra3 53. Rc5+ Kf6 54. h4 gxh4+ 55. Kxh4 Rxa6 56. Kg3 Kg5 57. Rc8 Ra3 58. Kf3 Kf6 59. Kf4 Ke6 60. c4 Rc3 61. Rc6+ Kd7 62. Rc5 Kd6 63. Rd5+ Ke6 64. Rd4 Rc1 65. Ke3 Ra1 66. Rd3 Ra7 67. Kf4 Rd7 68. Rc3 Kd6 69. Rd3+ Kc6 70. Rxd7 Kxd7 71. Kxf5 Kc6 72. Ke4 Kc5 73. Kd3 Kc6 74. Kd4 Kd6 75. c5+ Kc6 76. Kc4 Kc7 77. Kb5 Kb7 78. c6+ Kc7 79. Kc5 Kc8 80. Kb6 Kb8 81. c7+ Kc8 1/2-1/2

[Event "Liptovsky Jan Slovak op U2200"]
[Site "Liptovsky Jan"]
[Date "2021.06.19"]
[Round "5"]
[White "Stevik, Patrik1111"]
[Black "Kapusta, Petr"]
[Result "0-1"]
[WhiteElo "2101"]
[BlackElo "2117"]
[PlyCount "102"]
[EventDate "2021.06.17"]
[EventType "swiss"]
[EventRounds "7"]
[EventCountry "SVK"]
[SourceTitle "CBM 203 Extra"]
[Source "ChessBase"]
[SourceDate "2021.09.30"]
[SourceVersion "1"]
[SourceVersionDate "2021.09.30"]
[SourceQuality "1"]

1. b3 d6 2. Bb2 e5 3. e3 Nf6 4. c4 Be7 5. Nc3 0-0 6. d4 exd4 7. Qxd4 Nc6 8. Qd2 Bf5 9. Nf3 Ne4 10. Nxe4 Bxe4 11. Be2 Bf6 12. 0-0 Re8 13. Rfd1 Qe7 14. Bc3 Bxc3 15. Qxc3 Ne5 16. Nxe5 Qxe5 17. Qxe5 Rxe5 18. Rac1 b6 19. Bf1 a5 20. g3 Rae8 21. Bg2 f5 22. a3 Kf7 23. b4 Kf6 24. Rd4 g5 25. Rc3 axb4 26. axb4 Ra8 27. Bxe4 Ra1+ 28. Kg2 fxe4 29. c5 bxc5 30. bxc5 d5 31. Rd2 c6 32. Rdc2 g4 33. Rb3 Re7 34. Rb6 Rc7 35. Rb8 h5 36. Rd8 Rb7 37. Rd6+ Ke7 38. f4 exf3+ 39. Kf2 Rbb1 40. e4 dxe4 41. Rcd2 e3+ 42. Kxe3 Re1+ 43. Kf4 Re6 44. Kg5 Rxd6 45. cxd6+ Kd7 46. Kxh5 Ra4 47. h3 gxh3 48. g4 Rf4 49. Rf2 h2 50. Kg5 Rxg4+ 51. Kxg4 h1Q 0-1

[Event "SVK-ch Rapid"]
[Site "Modra"]
[Date "2021.06.12"]
[Round "3"]
[White "Sahidi, Samir"]
[Black "Kapusta, Petr"]
[Result "1-0"]
[WhiteElo "2405"]
[BlackElo "2117"]
[PlyCount "99"]
[EventDate "2021.06.12"]
[EventType "swiss (rapid)"]
[EventRounds "9"]
[EventCountry "SVK"]
[SourceTitle "EXT 2022"]
[Source "ChessBase"]
[SourceDate "2021.10.06"]
[SourceVersion "1"]
[SourceVersionDate "2021.10.06"]
[SourceQuality "1"]

1. d4 Nf6 2. Nf3 g6 3. Bf4 Bg7 4. h3 0-0 5. e3 d6 6. Be2 c5 7. c3 Qb6 8. Qb3 Be6 9. Qxb6 axb6 10. a3 Nc6 11. Nbd2 Na5 12. 0-0 Nb3 13. Nxb3 Bxb3 14. Nd2 Ba4 15. Rfe1 d5 16. Bf3 Bc6 17. Rac1 Nd7 18. Bh2 e5 19. dxe5 Bxe5 20. Rcd1 Bxh2+ 21. Kxh2 Ne5 22. Be2 Kg7 23. g4 f5 24. Kg3 fxg4 25. hxg4 h5 26. gxh5 gxh5 27. f4 Ng4 28. Bxg4 hxg4 29. Kxg4 Kf6 30. Nf3 Rh8 31. Rh1 Rae8 32. Rxh8 Rxh8 33. Kg3 Kf5 34. Ng5 Re8 35. Kf2 Rh8 36. Nf3 d4 37. cxd4 Bxf3 38. Kxf3 Rh3+ 39. Kf2 Rh2+ 40. Kg3 Rxb2 41. dxc5 bxc5 42. Kf3 c4 43. Rc1 b5 44. a4 bxa4 45. Rxc4 a3 46. Ra4 a2 47. Ra6 Rb6 48. e4+ Ke6 49. Rxb6+ Kd7 50. Ra6 1-0

[Event "SVK-ch Rapid"]
[Site "Modra"]
[Date "2021.06.12"]
[Round "2"]
[White "Salgovic, Simon"]
[Black "Kapusta, Petr"]
[Result "0-1"]
[WhiteElo "1932"]
[BlackElo "2117"]
[PlyCount "20"]
[EventDate "2021.06.12"]
[EventType "swiss (rapid)"]
[EventRounds "9"]
[EventCountry "SVK"]
[SourceTitle "EXT 2022"]
[Source "ChessBase"]
[SourceDate "2021.10.06"]
[SourceVersion "1"]
[SourceVersionDate "2021.10.06"]
[SourceQuality "1"]

1. e4 c5 2. Nf3 d6 3. d4 cxd4 4. Nxd4 Nf6 5. Nc3 a6 6. Bc4 e6 7. Bb3 Nbd7 8. 0-0 Nc5 9. Qe2 Nxb3 10. Rd1 Rg8 0-1

[Event "Skalica Masters op"]
[Site "Skalica"]
[Date "2020.08.28"]
[Round "7"]
[White "Krallis, Christos"]
[Black "Kapusta, Petr"]
[Result "1-0"]
[WhiteElo "2313"]
[BlackElo "2137"]
[PlyCount "151"]
[EventDate "2020.08.23"]
[EventType "swiss"]
[EventRounds "9"]
[EventCountry "SVK"]
[SourceTitle "CBM 198 Extra"]
[Source "ChessBase"]
[SourceDate "2020.11.30"]
[SourceVersion "1"]
[SourceVersionDate "2020.11.30"]
[SourceQuality "1"]

1. c4 Nf6 2. Nc3 g6 3. e4 d6 4. g3 Bg7 5. Bg2 0-0 6. Nge2 e5 7. 0-0 Nbd7 8. d3 c6 9. h3 a5 10. f4 exf4 11. Bxf4 Ne5 12. Qd2 Nh5 13. Bg5 Qb6+ 14. Be3 Bh6 15. Bxb6 Bxd2 16. Rad1 Bxc3 17. bxc3 c5 18. g4 Ng7 19. Nf4 Be6 20. d4 Nxc4 21. dxc5 g5 22. Nd5 Bxd5 23. Rxd5 Ne6 24. Rxd6 Nxd6 25. cxd6 Rfc8 26. e5 Rxc3 27. Bd5 Nf4 28. Rd1 Rc2 29. Kf1 Rb2 30. Bc7 Rb5 31. Bc4 Rc5 32. Rc1 Ne6 33. Kf2 b5 34. Bxe6 Rxc1 35. Bd5 Rc8 36. Bxa5 Rd1 37. Bb3 Rd3 38. Ke2 Rxh3 39. d7 Rf8 40. d8Q Rxd8 41. Bxd8 h6 42. Kf2 Kf8 43. Bb6 Rd3 44. Be3 Ke7 45. Kf3 Rc3 46. Ke4 Ke8 47. Bd5 Ke7 48. Bd2 Rc2 49. Kd3 Rc8 50. Bb4+ Ke8 51. a3 Rc7 52. Kd4 Rc1 53. Bf3 Rc4+ 54. Kd5 Rf4 55. Be2 Kd8 56. Bc5 Kc7 57. Bd4 Kd8 58. Be3 Ra4 59. Bc1 Ke7 60. Bd2 Kd8 61. Bb4 Kc7 62. Bxb5 Ra8 63. a4 Rh8 64. Ke4 h5 65. gxh5 Rxh5 66. Bd6+ Kb6 67. Kf5 Rh2 68. Kxg5 Rf2 69. Be7 Rf3 70. Be8 Rf1 71. Bf6 Ra1 72. Bxf7 Kc6 73. Kf5 Rf1+ 74. Ke6 Kc7 75. Ke7 Ra1 76. Be8 1-0